| 000 | 00536nam a2200217Ia 4500 | ||
|---|---|---|---|
| 003 | 0100 | ||
| 008 | 130303s9999 xx 000 0 und d | ||
| 040 | _cARRUPELIB | ||
| 050 | _aB3279.H9 1967 | ||
| 100 | _aHusserl, Edmund | ||
| 245 | 4 | _aThe Paris lectures | |
| 260 | _aThe Hague | ||
| 260 | _bMartinus Nijhoff | ||
| 260 | _C1967 | ||
| 300 | _a39p | ||
| 650 | _aPHILOSOPHY | ||
| 650 | _bAesthetics -- Philosophical aspects | ||
| 650 | _cJudgment -- Philosophical aspects | ||
| 700 | _aKoestenbaum, Peter (tr.) | ||
| 942 | 0 | 0 | _01 |
| 999 |
_c37380 _d37380 |
||